| 000 | 00489nam a2200181Ia 4500 | ||
|---|---|---|---|
| 008 | 140925s9999 xx 000 0 und d | ||
| 020 | _a2223-814X | ||
| 245 |
_aAfrican Journal of Hospitality, Tourism and Leisure / _h[electronic resource] |
||
| 260 | _cc2013. | ||
| 516 | _aElectronic text | ||
| 650 | _aHospitality. | ||
| 650 | _aJournal. | ||
| 650 | _aLeisure. | ||
| 650 | _aTourism. | ||
| 856 | _uhttp://www.ajhtl.com/current-edition.html | ||
| 942 | _cEJ | ||
| 999 |
_c275739 _d275739 |
||